000 00323nam a2200109Ia 4500
008 160531s9999 xx 000 0 und d
100 _aAbdurakhmonov, Ibrokhim Y.
245 _aRNA Interference
245 _cby Ibrokhim Y. Abdurakhmonov (ed.)
260 _c2016
856 _uhttp://www.intechopen.com/books/rna-interference
999 _c295305
_d295305